000 00258nam a2200121Ia 4500
008 231129s9999||||xx |||||||||||||| ||spa||
040 _bspa
082 _a920 B658m
100 _aBlumemberg Werner
245 0 _aMarx
264 _aSalvat
942 _2ddc
_cBKS
999 _c20705
_d20705